Váy ướt quấn vào bắp chân Truyện ngắn
Đã lưu trong:
| 格式: | 图书 |
|---|---|
| 出版: |
Hà Nội
Hội nhà văn. Cty sách bách Việt
2009
|
| 主题: | |
| 标签: |
添加标签
没有标签, 成为第一个标记此记录!
|
| Thư viện lưu trữ: | Trung tâm Học liệu Lê Vũ Hùng, Trường Đại học Đồng Tháp |
|---|
| LEADER | 00844pam a22003258a 4500 | ||
|---|---|---|---|
| 001 | 00035364 | ||
| 005 | 20171026081025.0 | ||
| 008 | 161202s2009 ||||||Viesd | ||
| 020 | # | # | |c 60000 |
| 041 | 0 | # | |a Vie |
| 082 | 1 | 4 | |a 895.922 34 |b V112Ư |
| 245 | 1 | 0 | |a Váy ướt quấn vào bắp chân |b Truyện ngắn |
| 260 | # | # | |a Hà Nội |b Hội nhà văn. Cty sách bách Việt |c 2009 |
| 300 | # | # | |a 364 tr. |c 21 cm. |
| 653 | # | # | |a Việt Nam |
| 653 | # | # | |a Văn học Việt Nam |
| 653 | # | # | |a Truyện ngắn |
| 852 | # | # | |b Kho đọc |j KD.0017395 |
| 852 | # | # | |j KD.0017395 |
| 910 | 0 | # | |d 02/12/2016 |
| 980 | # | # | |a Trung tâm Học liệu Lê Vũ Hùng, Trường Đại học Đồng Tháp |